| 000 | 00781nam a2200241Ia 4500 | ||
|---|---|---|---|
| 003 | OSt | ||
| 005 | 20220923213523.0 | ||
| 006 | a|||||r|||| 00| 0 | ||
| 007 | ta | ||
| 008 | 220922b |||||||| |||| 00| 0 hin d | ||
| 024 | _a162,512 | ||
| 037 | _cTextual | ||
| 040 |
_aARTS _cARTS _bhin |
||
| 041 |
_2hin _ahin |
||
| 082 | _aO152,2N251x, L3 | ||
| 100 | _aमोहन राकेश | ||
| 245 | 0 | _aअंडे के छिलके अन्य एकांकी तथा बीज-नाटक | |
| 246 | _aAanḍe ke chhilake anya ekāankī tathā bīja-nāṭaka | ||
| 260 | _c1973 | ||
| 650 |
_aहिन्दी साहित्य _9156264 |
||
| 942 |
_hO152,2N251x, L3 _cTEXL _2CC |
||
| 999 |
_c316992 _d316992 |
||